Представление документа в формате MARC21

Поле Инд. ПП Название Значение
Тип записи a
Библиографический уровень a
001 Контрольный номер 9a6d575967d34ac7afabfe2af7dc86d2
005 Дата корректировки 20220126151634.8
040 a Служба первич. каталог. НБ ТвГУ
b Код языка каталог. rus
e Правила каталог. PSBO
041 0_ a Код языка текста rus
097 b Оператор Komarova.ES
098 b Факультет Иностранных языков и международной коммуникации
100 1_ a Автор Мельникова Виктория Михайловна
q Полное имя Мельникова В. М.
245 10 a Заглавие Значение узнавания слова в процессе понимания текста (психолингвистический аспект)
260 a Место издания Тверь
b Издательство Тверской государственный университет
504 a Библиография Библиогр.: с. 69-70 (13 назв.)
520 0_ a Аннотация В статье разбирается вопрос взаимосвязи узнавания слова и понимания текста в целом. В рамках психолингвистической концепции понимания слова рассматривается контекст, частотность, ассоциативные связи и др. Приводятся примеры воздействия понимания слова на формирование смысла текста. Уточняется последовательность действий, необходимых для достижения понимания.
653 0_ a Ключевые слова Труды Тверского государственного университета
a Ключевые слова Понимание
a Ключевые слова Контекст
a Ключевые слова Значение текста
a Ключевые слова Лексикон
a Ключевые слова Ментальный лексикон
700 12 a Другие авторы Пигаркина Евгения Анатольевна
q Полное имя Пигаркина Е. А.
773 18 w Контрольный № источника 8a669e4b72dc46879e7340aa83b82f4d
t Название источника Слово и текст: психолингвистический подход
d Место и дата издания Тверь : Тверской государственный университет, 2021
g Прочая информация Вып. 20. - С. 66-70
856 40 u URL http://texts.lib.tversu.ru/texts/151354t.pdf
x Примечание для ЭОР Справка УИС 2021
x Примечание для ЭОР Реестр суммарного учета сетевых локальных документов
i Дата подключения ЭОР 20220126
901 t Тип документа a
920 a Оператор Кома
954 b Дата поступления в ОК 20211228